|
|
|
|
| LEADER |
00854nab a2200193 i 4500 |
| 001 |
misc73623 |
| 005 |
20250207124844.0 |
| 008 |
250207s1977 hu o 000 eng d |
| 040 |
|
|
|a SZTE Miscellanea Repozitórium
|b hun
|
| 041 |
|
|
|a eng
|
| 100 |
1 |
|
|a Pohl Herbert A.
|
| 245 |
1 |
0 |
|a Electron spin resonance absorption of tissue constituents
|h [elektronikus dokumentum] /
|c Pohl Herbert A.
|
| 260 |
|
|
|a National Academy of Sciences of the United States of America
|b Washington, D.C.
|c 1977-04-01
|
| 300 |
|
|
|a 1558-1560
|
| 490 |
0 |
|
|a Proceedings of the National Academy of Sciences of the United States of America : PNAS
|v 74 No. 4
|
| 561 |
|
|
|a Szent-Györgyi Albert tudományos és egyéb írásai
|
| 700 |
0 |
1 |
|a Gascoyne Peter R. C.
|e aut
|
| 700 |
0 |
2 |
|a Szent-Györgyi Albert
|e aut
|
| 856 |
4 |
0 |
|u http://misc.bibl.u-szeged.hu/73623/1/szgya_amerikai_269.pdf
|z Dokumentum-elérés
|